000 00618nam a2200217 i 4500
001 18276
003 ES-MaACL
005 20230906151811.0
007 t|
008 011022s1976 sp ||||1| spa d
020 _a84-7380-181-4
080 _a821.134.2-7"19"
100 1 _aOrtega, Juan Pablo.
_987414
245 1 4 _aLos terrícolas /
_ctranscripción de Juan Pablo Ortega ; [ilustraciones de Forges].
250 _a1ª ed.
260 _aMadrid :
_bSedmay,
_c1976.
300 _a174 p. :
_bil. ;
_c21 cm.
700 1 _aForges,
_d1942-2018
_9176480
852 4 _aES-MaACL
_jA-6094
999 _c18276
_d18276